| 000 | 00657nam a22001217a 4500 | ||
|---|---|---|---|
| 040 | _cRUA | ||
| 082 | _aRUA CHA 2012 C051 Or. | ||
| 100 | _aCHAN SARUN | ||
| 245 | _aThe Diagnosis, Epidemiology, And control Of parasite infection Of livestock in cambodia 05-06 December , 2012 . ការធ្វើរោគវិនិច្ឆ័យ ការរាតត្បាត និងការត្រួតពិនិត្យជំងឺបរាសិតសត្វនៅកម្ពុជា ថ្ងៃទី០៥-០៦ ខែធ្នូ ឆ្នាំ២០១២ | ||
| 260 |
_aPHNOM PENH _bRUA _c2012 |
||
| 300 |
_a128p. _bill. _c29cm. |
||
| 942 | _cREC | ||
| 999 |
_c25493 _d25493 |
||